La revolución en España : artículos /

-д хадгалсан:
Номзүйн дэлгэрэнгүй
Үндсэн зохиолч: Marx, Karl (autor)
Бусад зохиолчид: Sacristán, Manuel (prólogo notas y traducción) (prólogo notas y traducción), Engels, Friedrich (autor) (autor)
Формат: Ном
Хэл сонгох:испани
Хэвлэсэн: Moscú, Rusia : Progreso, 1980
Нөхцлүүд:
Шошгууд: Шошго нэмэх
Шошго байхгүй, Энэхүү баримтыг шошголох эхний хүн болох!

MARC

LEADER 00000nam^a2200000^a^4500
001 000181863
005 20250521000000.0
009 20260310101946.865
037 |a Acervo ITESO - Biblioteca 
041 |a ESP 
082 |a 146. 321  |b MAR OBR REV 
100 |a Marx, Karl  |e (autor) 
240 1 4 |a [La revolución en España] 
245 1 3 |a La revolución en España :  |b artículos /  |c K. Marx, F. Engels. 
264 1 |a Moscú, Rusia :  |b Progreso,  |c 1980 
300 |a 292 p. 
336 |a texto  |b txt  |2 rdacontenido 
337 |a sin mediación  |b n  |2 rdamedio 
338 |a volumen  |b nc  |2 rdasoporte 
649 |a XX 
650 |a Insurrección -  |z España -  |x Historia 
650 |a Movimientos Políticos -  |z España -  |x Historia 
650 |a Movimientos Sociales -  |z España -  |x Historia 
650 |a Fuerzas Armadas -  |z España -  |x Historia 
650 |a Comunicación y Política -  |z España -  |x Historia 
650 |a Internacionalismo 
650 |a Política -  |z España -  |x Historia -  |y Siglo XIX -  |x Tema Principal 
650 |a Política -  |z España -  |x Historia -  |y Borbones, 1700-1931 
650 |a Materialismo Histórico y Dialéctico 
650 |a Marxismo -  |x Tema Principal 
650 |a Filosofía del Siglo XIX 
700 |a Sacristán, Manuel  |e (prólogo notas y traducción) 
700 |a Engels, Friedrich  |e (autor) 
910 |a Fondo General 
920 |a Impresos - Libros 
930 |a Colección General 
905 |a 101 
901 |a 0500121534  |b IT1  |c ACC  |u 20250521 
902 |a https://opac.biblio.iteso.mx/vufind/Record/000181863